|
|
|
|
| LEADER |
02370cam a2200493 i 4500 |
| 001 |
nkc20183056119 |
| 003 |
CZ PrNK |
| 005 |
20221005134101.0 |
| 007 |
ta |
| 008 |
190215s2019 xr g 000 f cze |
| 015 |
|
|
|a cnb003056119
|
| 020 |
|
|
|a 978-80-7617-173-2
|q (vázáno)
|
| 035 |
|
|
|a (OCoLC)1096295369
|
| 040 |
|
|
|a ABG001
|b cze
|d OLA001
|e rda
|
| 041 |
1 |
|
|a cze
|h eng
|
| 072 |
|
7 |
|a 821.111-3
|x Anglická próza, anglicky psaná
|2 Konspekt
|9 25
|
| 080 |
|
|
|a 821.111-31
|2 MRF
|
| 080 |
|
|
|a (0:82-312.4)
|2 MRF
|
| 100 |
1 |
|
|a Ellis, Joy
|7 ola20181002761
|4 aut
|
| 240 |
1 |
0 |
|a Their lost daughters.
|l Česky
|
| 245 |
1 |
0 |
|a Ztracené dcery /
|c Joy Ellisová ; přeložila Lenka Faltejsková
|
| 250 |
|
|
|a Vydání první
|
| 264 |
|
1 |
|a Praha :
|b Euromedia,
|c 2019
|
| 300 |
|
|
|a 303 stran ;
|c 21 cm
|
| 336 |
|
|
|a text
|b txt
|2 rdacontent
|
| 337 |
|
|
|a bez média
|b n
|2 rdamedia
|
| 338 |
|
|
|a svazek
|b nc
|2 rdacarrier
|
| 500 |
|
|
|a "Vydala Euromedia Group, a.s. - Kalibr"--Tiráž
|
| 500 |
|
|
|a Přeloženo z angličtiny
|
| 520 |
2 |
|
|a Pokračování napínavé kriminální série z anglického Lincolnshire se seržantkou Evansovou a inspektorem Jackmanem v roli hlavních vyšetřovatelů.
|b Na večírek odejdou dvě dívky - jedna se najde zdrogovaná a polomrtvá, druhou prý kdosi z párty odvlekl. Mezitím je na opuštěné pláži nalezeno tělo další dívky. Nesouvisí to vše se zmizením holčičky před téměř deseti lety, případem, který nebyl nikdy objasněn? Detektivové Rowan Jackman a Marie Evansová během pátrání narazí nejen na nelegální klub, který řídí podezřelá skupina lidí, a chátrající bývalé sanatorium Windrush, jež se zdá plné temných tajemství, ale také na hranice svých možností... Nakladatelská anotace.
|
| 655 |
|
7 |
|a anglické romány
|7 fd131814
|2 czenas
|
| 655 |
|
7 |
|a detektivní romány
|7 fd132010
|2 czenas
|
| 655 |
|
9 |
|a English fiction
|2 eczenas
|
| 655 |
|
9 |
|a detective novels
|2 eczenas
|
| 700 |
1 |
|
|a Faltejsková, Lenka,
|d 1974-
|7 ola2003191643
|4 trl
|
| 787 |
0 |
8 |
|i Z cyklu:
|t Případy z Lincolnshire
|g 2
|
| 910 |
2 |
|
|a BOA001
|b 2-1423.759
|
| 920 |
|
|
|a 4462624
|z ABG001
|
| 928 |
9 |
|
|a Euromedia Group - Kalibr
|
| 928 |
9 |
|
|a Kalibr
|
| 990 |
|
|
|a BK
|
| 995 |
|
|
|a 01
|
| 991 |
|
|
|b 201903
|c NOV
|
| 996 |
6 |
|
|b 2610773100
|c 2-1423.759
|l MZK
|r Sklad / do 1 hodiny
|n 2
|p p.v.
|w 001710945
|u 000010
|a 1
|e BOA001
|j MZK50
|s P
|